| 000 | 00000nam##2200000za#4500 |
| 001 | 9.572574 |
| 003 | CaOODSP |
| 005 | 20210624183303 |
| 007 | cr ||||||||||| |
| 008 | 150406|2000||||xxc|||||o f|0| 0 eng|d |
| 040 | |aCaOODSP|beng |
| 043 | |an-cn--- |
| 086 | 1 |aH113-1/30-2000E-PDF |
| 110 | 1 |aCanada. |bPest Management Regulatory Agency. |
| 245 | 10|aEstablishing a lawn |h[electronic resource] |
| 260 | |aOttawa - Ontario : |bHealth Canada. |cJuly 2000. |
| 300 | |a2p.|bcoloured illus., fig., photographs |
| 490 | 1 |aPest note |
| 590 | |a12-07-Supp|b2012-03-09 |
| 690 | 07|aMaintenance|2gcpds |
| 775 | 08|tL'établissement d'une pelouse |w(CaOODSP)9.602920 |
| 776 | 0#|tEstablishing a lawn |w(CaOODSP)9.615610 |
| 830 | #0|aPest note.|w(CaOODSP)9.504455 |
| 856 | 40|ahttp://publications.gc.ca|qPDF|s560 KB|uhttps://publications.gc.ca/collections/Collection/H113-1-30-2000E.pdf |